|
|
|
|
| LEADER |
00642cam a2200181 7i4500 |
| 001 |
0000002791 |
| 005 |
20190613090000.0 |
| 020 |
|
|
|a 007231821X
|
| 090 |
0 |
0 |
|a QD457
|b .G37 2003
|
| 100 |
1 |
|
|a Garland, Carl W
|
| 245 |
1 |
0 |
|a Experiments in physical chemistry
|c Carl W. Garland, Joseph W. Nibler, David P. Shoemaker.
|
| 260 |
|
|
|a Boston:
|b McGraw-Hill,
|c 2003.
|
| 300 |
|
|
|a x, 790 p.:
|b ill.;
|c 26 cm.
|
| 650 |
0 |
0 |
|a Chemistry, Physical and theoretical
|
| 700 |
1 |
|
|a Nibler, Joseph W
|
| 700 |
1 |
|
|a Shoemaker, David P
|
| 997 |
|
|
|a Engineering & Life Sciences, Faculty
|b Engineering, Department
|
| 999 |
|
|
|a 0000010535
|b BOK
|c OPEN SHELF
|e 2nd Floor, Bestari Jaya
|